| 000 | 01286nam a2200301 i 4500 | ||
|---|---|---|---|
| 001 | 66464 | ||
| 003 | ES-MaACL | ||
| 005 | 20230906165644.0 | ||
| 007 | t| | ||
| 008 | 000705s2000 sp ||||0| baq d | ||
| 020 | _a84-7821-413-5 | ||
| 040 |
_aM-BN _bspa _cM-BN |
||
| 080 | _a7.036(064.3) | ||
| 110 | 2 |
_aMuseo de Bellas Artes de Álava. _95842 |
|
| 245 | 1 | 0 |
_aBerbegira _b: 80'ko belaunaldia Araba Arte Eder Museoan = Remirada : la década de los 80 en el Museo de Bellas Artes de Alava / _c[coordinación, Mª Francisca Machín...et al. ; textos, Pedro de Sancristóval...et al.]. |
| 260 |
_a[Vitoria-Gasteiz] : _bDiputación Foral de Alava, _c[2000] |
||
| 300 |
_a285 p : _bil. col ; _c29 cm. |
||
| 500 | _aExposición: Arco 2000, IFEMA Feria de Madrid, del 9 al 15 de febrero de 2000; Sala Amárica, Vitoria-Gasteiz, del 7 de marzo al 23 de abril de 2000. | ||
| 500 | _aTexto paralelo en euskera y castellano, y traducción al inglés y al francés. | ||
| 650 | 4 |
_aArte- _yS.XX- _vExposiciones. _910140 |
|
| 655 | 7 |
_2tgfbne _9193628 _aCatálogos de exposiciones |
|
| 710 | 1 |
_aÁlava. _bConsejo de Cultura. _91309 |
|
| 740 | 0 | _aRemirada. | |
| 852 |
_aES-MaACL _jL-26966 _bR.132345 |
||
| 942 | _2udc | ||
| 999 |
_c66464 _d66464 |
||